000 nam a22 7a 4500
999 _c7809
_d7809
008 171017b xxu||||| |||| 00| 0 eng d
100 _aNCERT
_94284
245 _aScience Exemplar-VIII
260 _aNew Delhi
_bNCERT
_c2013